Atoms in astrophysics (Record no. 7927)

MARC details
000 -LEADER
fixed length control field 00739nam a2200241Ia 4500
003 - CONTROL NUMBER IDENTIFIER
control field IN-BaIIA
008 - FIXED-LENGTH DATA ELEMENTS--GENERAL INFORMATION
fixed length control field 211028s9999 xx 000 0 eng d
020 ## - INTERNATIONAL STANDARD BOOK NUMBER
International Standard Book Number 0-306-41097-4
040 ## - CATALOGING SOURCE
Transcribing agency IIA Library
080 ## - UNIVERSAL DECIMAL CLASSIFICATION NUMBER
Universal Decimal Classification number 52-47
Item number BUR
100 ## - MAIN ENTRY--PERSONAL NAME
Personal name Burke, P. G.
9 (RLIN) 10704
245 #0 - TITLE STATEMENT
Title Atoms in astrophysics
Statement of responsibility, etc. P. G. Burke…[et al.]
260 ## - PUBLICATION, DISTRIBUTION, ETC.
Place of publication, distribution, etc. New York
Name of publisher, distributor, etc. Academic Press
Date of publication, distribution, etc. 1983
300 ## - PHYSICAL DESCRIPTION
Extent xvii, 356p.
490 ## - SERIES STATEMENT
Series statement Physics of atoms and molecules
650 ## - SUBJECT ADDED ENTRY--TOPICAL TERM
Topical term or geographic name entry element Astronomy and Astrophysics Thesaurus
650 ## - SUBJECT ADDED ENTRY--TOPICAL TERM
Topical term or geographic name entry element Astrophysics
9 (RLIN) 794
650 ## - SUBJECT ADDED ENTRY--TOPICAL TERM
Topical term or geographic name entry element Atomic Physics
9 (RLIN) 1547
700 ## - ADDED ENTRY--PERSONAL NAME
Personal name Eissner, W. B.
9 (RLIN) 13370
700 ## - ADDED ENTRY--PERSONAL NAME
Personal name Hummer, D. G.
9 (RLIN) 13371
700 ## - ADDED ENTRY--PERSONAL NAME
Personal name Percival, I. C.
9 (RLIN) 13372
942 ## - ADDED ENTRY ELEMENTS (KOHA)
Koha item type Books
Holdings
Withdrawn status Lost status Damaged status Not for loan Home library Current library Shelving location Date acquired Total Checkouts Full call number Barcode Date last seen Price effective from Koha item type Purchase Price
        IIA Library-Bangalore IIA Library-Bangalore General Stacks 17/08/1984   52-47/ BUR 8750 05/11/2021 17/08/1984 Books £ 138.10

Powered by Koha